000 00892nam a2200313Ia 4500
003 OSt
005 20220912150446.0
006 a|||||r|||| 00| 0
007 ta
008 220909b |||||||| |||| 00| 0 eng d
020 _a3540670939 (hbd)
024 _a8906
037 _bAshutosh,
037 _cTextual
040 _aCSL
_beng
_cCSL
041 _aeng
082 _aK2:67, P0
100 _aTarin Juan J Ed
245 0 _aFertilization in protozoa and metazoan animals: cellular and molecular aspects
260 _aBerlin
_bSpringer-Verlag
_c2000
300 _axv, 318p
500 _aIncludes bibliographical references; Index 315-318p
650 _a Protozoa
650 _a Reproduction
650 _aZoology
700 _a Cano Antonio Ed
942 _hK2:67, P0
_cTEXL
_2CC
999 _c47911
_d47911